000 00471nam a2200193Ia 4500
005 20250425161350.0
008 250425s9999 xx 000 0 und d
041 _aeng
082 _a624.171
100 _aRUBINSTEIN, MOSHE F.
245 0 _aMATRIX COMPUTER ANALYSIS OF STRUCTURES
250 _aS.E.
260 _aEstados Unidos
_bPRENTICE HALL
_c1966
260 _aNEW YORK
300 _a402
650 _aANALISIS ESTRUCTURAL
942 _c01
010 _a18660
999 _c207767
_d207767